000 01623cam a22003614a 4500
999 _c3785
_d3785
001 4520929
003 Nust
005 20180117090013.0
008 990120s1999 ii b 001 0 eng
010 _a 99017243
020 _a0761993304 (cloth)
040 _aDLC
_cDLC
_dDLC
042 _apcc
043 _ad------
050 0 0 _aHC59.72.E5
_bC48 1999
082 0 0 _a338.9/009172/4
_221
100 1 _aChopra, Kanchan Ratna.
245 1 0 _aOperationalising sustainable development :
_beconomic-ecological modelling for developing countries /
_cKanchan Chopra, Gopal K. Kadekodi in collaboration with Alison Gilbert ... [et al.].
260 _aNew Delhi ;
_aThousand Oaks, Calif. :
_bSage,
_c1999.
300 _a301 p. ;
_bill. ;
_c23 cm.
440 0 _aIndo-Dutch studies on development alternatives ;
_v22
504 _aIncludes bibliographical references and index.
650 0 _aSustainable development
_zDeveloping countries
_xMathematical models.
650 0 _aEnvironmental policy
_zDeveloping countries
_xMathematical models.
700 1 _aKadekodi, Gopal K.
856 4 2 _3Publisher description
_uhttp://www.loc.gov/catdir/enhancements/fy0657/99017243-d.html
856 4 1 _3Table of contents only
_uhttp://www.loc.gov/catdir/enhancements/fy0657/99017243-t.html
906 _a7
_bcbc
_corignew
_d1
_eocip
_f19
_gy-gencatlg
942 _2ddc
_cBK